Was ist die richtige Haupstadt? - Statistiken

Allgemein
  • Dieses Quiz wurde 736 mal gespielt
  • Das Durchschnittsergebnis liegt bei 13 aus 15
Antwortstatistiken
Frage Antwort % Korrekt
Hauptstadt von Weißrussland (Belarus) Minsk
100%
Hauptstadt von Schweden Stockholm
100%
Hauptstadt von der Schweiz Bern
98%
Hauptstadt von Nepal Kathmandu
94%
Hauptstadt von Kanada Ottawa
94%
Hauptstadt von Taiwan Taipeh
94%
Hauptstadt von Australien Canberra
92%
Hauptstadt von den vereinigtes arabischen Emiraten Abu Dhabi
86%
Hauptstadt von Paraguay Asunción
82%
Hauptstadt von Vietnam Hanoi
82%
Hauptstadt von Niger Niamey
78%
Hauptstadt von Grenada St. George's
75%
Hauptstadt von Kamerun Yaoundé
65%
Hauptstadt von Nicaragua Managua
63%
Hauptstadt von Fidschi Suva
63%
Keine übereinstimmenden Quizze gefunden
Verteilung der Resultate
Anzahl Personen mit jedem Resultat
Perzentil nach korrekt beantworteten Fragen
Ihre Resultats-Entwicklung
Sie haben dieses Quiz noch nicht gespielt